Taxmann's students' guide to income tax and GST: Problems and solutions (Record no. 311368)

MARC details
000 -LEADER
fixed length control field 00579 a2200217 4500
005 - DATE & TIME
control field 20260401122400.0
008 - FIXED-LENGTH DATA ELEMENTS--GENERAL INFORMATION
fixed length control field 260401b |||||||| |||| 00| 0 eng d
020 ## - ISBN
International Standard Book Number 9789364558310
Price Rs. 1595.00
040 ## - CATALOGING SOURCE
Original cataloging agency VIVEKANANDA LIBRARY
082 ## - DDC NUMBER
Classification number 336.24
Book Number S64S(31)
100 ## - MAIN ENTRY--PERSONAL NAME
Personal name Singhania, Vinod K
245 ## - TITLE STATEMENT
Title Taxmann's students' guide to income tax and GST: Problems and solutions
250 ## - EDITION STATEMENT
Edition statement 31st
260 ## - PUBLICATION, DISTRIBUTION, ETC. (IMPRINT)
Name of publisher, distributor, etc Taxmann Publications
Date of publication, distribution, etc 2025
Place of publication, distribution, etc New Delhi
300 ## - PHYSICAL DESCRIPTION
Pages v.
650 ## - Subject
Subject Economics
650 ## - Subject
Subject Income Tax
650 ## - Subject
Subject GST
700 ## - Added Entry Personal Name
Added Entry Personal Name Singhania, Monica
942 ## - ADDED ENTRY ELEMENTS (KOHA)
Koha item type Books
Holdings
Withdrawn status Lost status Source of classification or shelving scheme Damaged status Not for loan Location (home branch) Sublocation or collection (holding branch) Shelving location Date acquired Koha issues (times borrowed) Koha full call number Accession No. Koha date last seen Koha item type
    Dewey Decimal Classification     VIVEKANANDA LIBRARY VIVEKANANDA LIBRARY Law Library 01/04/2026   336.24 S64S(31) 377079 01/04/2026 Books
© Designed and Maintained by Vivekananda Library, MDU Rohtak